000 00418nam a2200181Ia 4500
001 14381
005 20260306164910.0
008 260306t2009||||xx |||||||||||||| ||spa||
041 _aESP
082 _a512.5
_bL32
100 _aLázaro Carrión, Moisés
_eAUT
245 0 _aÁlgebra lineal
260 _c2009
300 _a581 páginas :
_c21 cm.
650 _aGEN
654 _aCMA
942 _cLIB
_dJUS
_fJUS
_2ddc
_n
999 _c14381
_d14381